000 00573nam a2200181 i 4500
001 147281
003 ES-MaACL
005 20231230063007.0
007 t|
008 070925s1917 sp ||||1| spa d
100 1 _aUbierna y Eusa, José Antonio
_9111838
245 1 0 _aEstudio jurídico de los fueros municipales de la provincia de Guadalajara /
_cpor José Antonio Ubierna y Eusa.
250 _a2ª ed.
260 _aGuadalajara :
_bCasa de los Expósitos,
_c1917.
300 _a110 p. ;
_c21 cm.
852 _aES-MaACL
_jF-1854
999 _c147281
_d147281